000 01390nam0a22002891 4500
001 rc\3001682
005 20250805160813.4
035 _a(NLR Aleph) 007144786
090 _a7091600
_c7091600
100 _a20041012d1941 |||y0rusy50 ca
101 0 _arus
102 _aRU
105 _aa z ||||y
200 1 _aЛечение ран и физиотерапия сельскохозяйственных животных
_eРаботы XVII пленума Вет. секции Академии 28-го июня-2-го июля 1940 г. в г. Москве
_fПод ред. К.И. Скрябина, А.М. Доброхотова, В.А. Аликаева
_gВсесоюз. акад. с.-х. наук им. В.И. Ленина
210 _a[Москва]
_cСельхозгиз
_d1941
215 _a152 с.
_cил., диагр.
_d22 см
702 1 _aСкрябин
_bК. И.
_f1878-1972
_gКонстантин Иванович
_4340
702 1 _aДоброхотов
_bА. М.
_4340
702 1 _aАликаев
_bВ. А.
_4340
712 0 2 _aВсесоюзная академия сельскохозяйственных наук
_bВетеринарная секция
_4570
801 0 _aRU
_bNLR
_gpsbo
801 1 _aRU
_bELAR
_2rusmarc
852 _aNLR
_jВт02 Г-5/3
942 _cBOOK
945 _aРоссийская национальная библиотека
980 _aNB
980 _aBV